| 000 | 00953nam a22002537a 4500 | ||
|---|---|---|---|
| 005 | 20170123164141.0 | ||
| 010 | _aB-095399 | ||
| 020 |
_a8181380177 _c200.00 |
||
| 035 | _aB-095399 | ||
| 037 | _bCen Lib / Ret | ||
| 040 |
_aDPL _bPN |
||
| 082 |
_a851 _b ਰਾਜਿੰਦ |
||
| 100 |
_aਰਾਜਿੰਦਰ ਸਿੰਘ _9141540 |
||
| 245 |
_aਲੂੰ ਲੂੰ ਲੱਗੀ ਅੱਗ / _c ਰਾਜਿੰਦਰ ਸਿੰਘ |
||
| 246 |
_aLu lu kardee aag _bby Rajinder Singh Jali |
||
| 260 |
_aਦਿੱਲੀ _bਅੈਮ.ਪੀ. ਪ੍ਰਕਾਸ਼ਨ |
||
| 270 |
_aਸ਼਼ੋਪ ਨੰ. 7, 12/190, ਗੀਤਾ ਕਲੋਨੀ _bਦਿੱਲੀ _e110031 |
||
| 300 |
_a181p. _c22(Hb) |
||
| 650 |
_aਪੰਜਾਬੀ ਗੀਤ _91301 |
||
| 650 |
_aਪੰਜਾਬੀ ਸਾਹਿਤ _9141541 |
||
| 650 |
_aPunjabi songs _97397 |
||
| 650 |
_aPunjabi Literature _9141542 |
||
| 942 |
_2ddc _cPN _h851 _m ਰਾਜਿੰਦ |
||
| 999 |
_c109702 _d109702 |
||